000 01043nam a2200301 i 4500
005 20220614115701.0
008 220614t20222022my ao||g |||| 00| 0 may d
020 _a9789674881917
_cRM52.00
_qpaperback
040 _aPPAK
_beng
_cPPAK
_erda
082 0 4 _223
_a158.3
090 0 0 _a158.3
_bAIN
_dG
100 0 _aAina Razlin Mohammad Roose,
_eauthor.
245 1 0 _aTeori Kaunseling :
_bPanduan Pemilihan dan Pembentukan Orientasi Teoritikal Kaunselor /
_cAINA RAZLIN MOHAMMAD ROOSE, RAFIDAH AGA MOHD JALADIN
264 1 _aKuala Lumpur :
_bPenerbit Universiti Malaya,
_c[2022?]
264 4 _c©2022
300 _axix, 180 pages :
_billustrations ;
_c23 cm
336 _2rdacontent
_atext
337 _2rdamedia
_aunmediated
338 _2rdacarrier
_avolume
500 _aIncludes index
504 _a Bibliography: pages [167]-175
650 1 0 _aCounseling
650 2 0 _aPsychotherapy
650 2 0 _aCounselors
650 2 0 _aGovernment publications
_zMalaysia
700 0 _aRafidah Aga Mohd Jaladin,
_eauthor.
942 _2ddc
_cB
999 _c187924
_d187924